| 000 | 00625nam a22001817a 4500 | ||
|---|---|---|---|
| 999 |
_c173708 _d173708 |
||
| 005 | 20200305151820.0 | ||
| 010 | _aENG-128000 | ||
| 020 |
_a9789353286774 _c1095.00 |
||
| 035 | _aEN-111532 | ||
| 037 | _bDBAD/PUB | ||
| 082 | _a322.1 | ||
| 245 |
_aSecullllar Sectarianism: _cedited by Ajay Gudavarthy _blimits of Subaltern politics/ |
||
| 260 |
_aNew Delhi _bSage Publication India _c2020 |
||
| 270 |
_aB1/1-1 Mohan Cooperative Industrial Area Mathura Road _bNew Delhi _e110044 |
||
| 300 |
_aviii;280p. _c22cm(hb) |
||
| 500 | _aincludes bibliographical references and index | ||
| 942 |
_2ddc _cEN _h322.1 _mSEC |
||